000 00669nam a2200229Ia 4500
001 3115
003 GE_BSU
008 181216s||||||||xx |||||||||||||| ||und||
040 _cGE_BSU
080 _a51(075.8)
100 _aСмирнов.В.И.
245 _aКурс высшей математики. Том третий. Часть вторая.
245 _bУчебник.
245 _cРед. В.В.Абгарян.
250 _aИзд 9-ое. стереотипное.
260 _aМ.
260 _bНаука.
260 _c1974.
300 _a672 стр. с илл. 22 см.
653 _aКурс высшей математики.
942 _cBK
999 _c37159
_d37159